Zákon o trhoviskách s komentárom

Podmienky predaja výrobkov a poskytovanie služieb na trhoch. Úplné znenie zákona NR SR č. 178/1998 o podmienkach predaja výrobkov a poskytovanie služieb na trhových miestach a o zmene a doplnení zákona č. 455/1991 Zb. o živnostenskom podnikaní (živnostenský zákon) v znení neskorších predpisov. Komen...

Descrizione completa

Salvato in:
Dettagli Bibliografici
Autore principale: Matulová, Mariana
Natura: Capitolo di libro
Lingua:slovacco
Soggetti:
Tags: Aggiungi Tag
Nessun Tag, puoi essere il primo ad aggiungerne!!

MARC

LEADER 00000naa a2200000 4500
001 r033982
005 20230919084218.9
041 0 |a slo 
044 |a SK 
245 1 0 |a Zákon o trhoviskách s komentárom  |c Mariana Matulová 
520 |a Podmienky predaja výrobkov a poskytovanie služieb na trhoch. Úplné znenie zákona NR SR č. 178/1998 o podmienkach predaja výrobkov a poskytovanie služieb na trhových miestach a o zmene a doplnení zákona č. 455/1991 Zb. o živnostenskom podnikaní (živnostenský zákon) v znení neskorších predpisov. Komentár k zákonu. 
610 2 0 |a trhoviská 
610 2 0 |a tržnice 
610 2 0 |a živnosti 
610 2 0 |a živnostníci 
610 2 0 |a podnikanie 
610 2 0 |a zákony 
610 2 0 |a Slovensko 
610 2 0 |a úpravy právne 
610 2 0 |a 1991 
610 2 0 |a 1998 
100 1 |a Matulová, Mariana